Térey János [fénykép]
Elmentve itt :
| Dokumentumtípus: | Cikk |
|---|---|
| Megjelent: |
2020
|
| Sorozat: | Tiszatáj
74 No. 3 |
| Kulcsszavak: | Fotóművészet - magyar |
| Online Access: | http://tiszataj.bibl.u-szeged.hu/26068 |
| LEADER | 00518nab a2200169 i 4500 | ||
|---|---|---|---|
| 001 | tisza26068 | ||
| 005 | 20211012081625.0 | ||
| 008 | 211011s2020 hu o 0|| hun d | ||
| 022 | |a 0133-1167 | ||
| 040 | |a SZTE Tiszatáj Archívum |b hun | ||
| 041 | |a hun | ||
| 245 | 0 | 0 | |a Térey János |h [elektronikus dokumentum] : |b [fénykép] |
| 260 | |c 2020 | ||
| 300 | |a 16 | ||
| 490 | 0 | |a Tiszatáj |v 74 No. 3 | |
| 695 | |a Fotóművészet - magyar | ||
| 856 | 4 | 0 | |u http://tiszataj.bibl.u-szeged.hu/26068/1/tiszataj_2020_003_016.pdf |z Dokumentum-elérés |